Logo BPK

Bibliografia Prac Pracowników

Politechniki Koszalińskiej

Numeryczna analiza wpływu temperatury części na siły wygniatania gwintu metrycznego / (Rekord nr 3385)

Szczegóły MARC
000 -ETYKIETA REKORDU
podpole kontrolne o stałej długości 01592naa a2200253 i 4500
001 - NUMER KONTROLNY REKORDU
podpole kontrolne 3385
003 - IDENTYFIKATOR NUMERU KONTROLNEGO REKORDU
podpole kontrolne KOSZ 005
005 - DATA OSTATNIEJ MODYFIKACJI REKORDU
podpole kontrolne 20180214104346.0
008 - POLE O STAŁEJ DŁUGOŚCI - DANE KONTROLNE
podpole kontrolne o stałej długości 141108s2005 pl f |100 0 pol
040 ## - ŹRÓDŁO KATALOGOWANIA
Instytucja, która utworzyła rekord BPK
Instytucja, która dokonała modyfikacji KOSZ 005/EG
080 ## - UNIWERSALNA KLASYFIKACJA DZIESIĘTNA - UKD
UKD 621.73/.77
100 1# - NAZWA OSOBOWA
Nazwa osobowa KUKIEŁKA, Leon.
Lata pracy 1996 - .
Instytucja Politechnika Koszalińska - Wydział Mechaniczny,
Wydział Katedra Maszyn Roboczych
245 10 - TYTUŁ/ODPOWIEDZIALNOŚĆ
Tytuł Numeryczna analiza wpływu temperatury części na siły wygniatania gwintu metrycznego /
Pozostałe elementy strefy tytułu i oznaczenia odpowiedzialności Dariusz Rusak, Rafał Gryglicki, Leon Kukiełka.
246 31 - WARIANT TYTUŁU
Tytuł Numerical analysis of the elements temperature influence on the forces needed to extrude thread
500 ## - UWAGI OGÓLNE
Tekst uwagi Dane z autopsji.
520 ## - UWAGA DOTYCZĄCA TREŚCI DOKUMENTU
Analiza dokumentacyjna, adnotacja itp. Przedstawiono przykładowe wyniki obliczeń rozkładu naprężeń zredukowanych, wykresu sił wygniatania oraz rozkładu odkształceń plastycznych w materiale. Wykazano, iż wzrost temperatury części poddawanej obróbce, wpływa na zmniejszenie sił potrzebnych do wygniecenia żądanego gwintu. Opracowano aplikację w programie Abaqus, wykorzystującą metodę elementów skończonych.
650 #0 - HASŁO PRZEDMIOTOWE W FORMIE NAZWY OGÓLNEJ LUB JEDNOSTKOWEJ
Nazwa ogólna lub geograficzna Analiza numeryczna.
650 #0 - HASŁO PRZEDMIOTOWE W FORMIE NAZWY OGÓLNEJ LUB JEDNOSTKOWEJ
Nazwa ogólna lub geograficzna Metoda elementów skończonych.
650 #0 - HASŁO PRZEDMIOTOWE W FORMIE NAZWY OGÓLNEJ LUB JEDNOSTKOWEJ
Nazwa ogólna lub geograficzna Gwintowanie.
655 #0 - TERMIN INDEKSOWY - OKREŚLENIE RODZAJU/FORMY DOKUMENTU
Określnie rodzaju/formy dokumentu Materiały konferencyjne.
711 22 - HASŁO DODATKOWE - NAZWA IMPREZY
Nazwa imprezy Słupskie Forum Motoryzacji
Oznaczenie części/sekcji dzieła (8 ;
Data imprezy 2005 ;
Miejsce imprezy Słupsk, Polska).
773 0# - TYTUŁ DOKUMENTU MACIERZYSTEGO
Wyrażenie wprowadzające W :
Tytuł VIII Konferencja naukowo-techniczna nt. Współczesne technologie w motoryzacji a bezpieczeństwo ruchu drogowego : Słupsk 24.5.2005 / pod red. Leona Kukiełki. -
Adres wydawniczy Słupsk : Starostwo Powiatowe w Słupsku, 2005. -
Informacje dotyczące relacji s. 205-212
942 ## - HASŁO DODATKOWE - ELEMENTY(KOHA)
Typ dokumentu Rozdział
Schemat klasyfikacji Uniwersalna klasyfikacja dziesiętna
Egzemplarze
Wycofany Zagubiony Uszkodzony Dostępność Lokalizacja stała Lokalizacja bieżąca Sygnatura Typ dokumentu
      Dostępny Bibliografia Prac Pracowników - BPK Bibliografia Prac Pracowników - BPK 76403 Rozdział
© 2014 Biblioteka Politechniki Koszalińskiej :: BIBLIOGRAFIA PRAC PRACOWNIKÓW